Important bird areas in Africa and associated Islands: priority sites for conservation (Record no. 76431)
[ view plain ]
| 000 -LEADER | |
|---|---|
| fixed length control field | 01213nam a2200241 a 4500 |
| 008 - FIXED-LENGTH DATA ELEMENTS--GENERAL INFORMATION | |
| fixed length control field | 100122s2001 ||||||||||||||||| || u |
| 020 ## - INTERNATIONAL STANDARD BOOK NUMBER | |
| International Standard Book Number | 187435720X |
| 050 ## - LIBRARY OF CONGRESS CALL NUMBER | |
| Classification number | QL 692.A35 Imp |
| 100 ## - MAIN ENTRY--PERSONAL NAME | |
| Personal name | Fishpool, Lincoln D. C |
| 245 10 - TITLE STATEMENT | |
| Title | Important bird areas in Africa and associated Islands: priority sites for conservation |
| Statement of responsibility, etc. | edited by Lincoln D. C. Fishpool and Michael I. Evans |
| 260 ## - PUBLICATION, DISTRIBUTION, ETC. | |
| Place of publication, distribution, etc. | Cambridge: |
| Name of publisher, distributor, etc. | Birdlife International |
| Date of publication, distribution, etc. | 2001 |
| 300 ## - PHYSICAL DESCRIPTION | |
| Extent | xvi, 1144 pages : illustrations |
| 350 ## - | |
| -- | 0.00 |
| 490 ## - | |
| -- | Birdlife Conservation Series; No. 11 |
| 490 ## - | |
| -- | No. 11 |
| 500 ## - GENERAL NOTE | |
| General note | Bibliography |
| 650 ## - SUBJECT ADDED ENTRY--TOPICAL TERM | |
| Topical term or geographic name entry element | ZOOLOGY |
| 650 ## - SUBJECT ADDED ENTRY--TOPICAL TERM | |
| Topical term or geographic name entry element | BIRDS--CONSERVATION--AFRICA |
| 700 ## - ADDED ENTRY--PERSONAL NAME | |
| Personal name | Evans, Michael I |
| 995 ## - | |
| -- | MAIN LIBRARY OPEN ACCESS |
| -- | 0.00 |
| -- | 740507 |
| -- | CBU-MAIN LIBRARY (Kitwe) |
| -- | 1 |
| -- | 0.00 |
| -- | QL 692.A35 IMP |
| -- | 1 |
| -- | AVAILABLE |
| -- | Mar 3, 2010 |
| -- | 740507 |
| -- | Main Library Open Access Collection |
| 995 ## - | |
| -- | MAIN LIBRARY OPEN ACCESS |
| -- | 743651 |
| -- | CBU-MAIN LIBRARY (Kitwe) |
| -- | 0.00 |
| -- | QL 692.A35 Imp |
| -- | 4 |
| -- | AVAILABLE |
| -- | May 23, 2013 |
| -- | 743651 |
| -- | Main Library Open Access Collection |
| 995 ## - | |
| -- | ANNEX COLLECTION (Main Library) |
| -- | 741908 |
| -- | CBU-MAIN LIBRARY (Kitwe) |
| -- | 0.00 |
| -- | QL 692.A35 Imp |
| -- | 3 |
| -- | AVAILABLE |
| -- | Mar 19, 2013 |
| -- | 741908 |
| -- | Annex Low-Usage Collection |
| 999 ## - | |
| -- | 76431 |
| -- | 76431 |
| Withdrawn status | Lost status | Source of classification or shelving scheme | Damaged status | Not for loan | Permanent Location | Current Location | Shelving location | Date acquired | Total Checkouts | Full call number | Barcode | Date last seen | Copy number | Price effective from | Koha item type |
|---|---|---|---|---|---|---|---|---|---|---|---|---|---|---|---|
| CBU-MAIN LIBRARY, KITWE. | CBU-MAIN LIBRARY, KITWE. | 04/25/2023 | QL 692.A35 Imp | 740507 | 04/25/2023 | 1 | 04/25/2023 | MONOGRAPH | |||||||
| CBU-MAIN LIBRARY, KITWE. | CBU-MAIN LIBRARY, KITWE. | 04/25/2023 | QL 692.A35 Imp | 743651 | 04/25/2023 | 2 | 04/25/2023 | MONOGRAPH | |||||||
| CBU-MAIN LIBRARY, KITWE. | CBU-MAIN LIBRARY, KITWE. | 04/25/2023 | QL 692.A35 Imp | 741908 | 04/25/2023 | 3 | 04/25/2023 | MONOGRAPH |